Systémové konvencie a testy RS 1-C : učebný text /

Uložené v:
Podrobná bibliografia
Hlavní autori: Nemšák, Milan (Author), Šterbák, Juraj (Author)
Médium: Kniha
Jazyk:Slovak
Vydané: Košice : Dom techniky ČSVTS, 1988
Vydanie:2. vyd.
ISBN: (brož.)
Fyzický popis: 26 s.
Tagy: Pridať tag
Žiadne tagy, Buďte prvý kto otaguje tento záznam!

MARC

LEADER 00000nam a2200000 a 4500
001 000258317
005 20070305121904.0
008 060628s1988 xo e 000 0 sloo
020 |a (brož.) 
040 |a SVKKK  |b slo  |c SVKKK  |e AACR2 
041 0 |a slo 
044 |a xo  |c SK 
100 1 |a Nemšák, Milan  |4 aut 
245 1 0 |a Systémové konvencie a testy RS 1-C :  |b učebný text /  |c Milan Nemšák, Juraj Šterbák 
250 |a 2. vyd. 
260 |a Košice :  |b Dom techniky ČSVTS,  |c 1988 
300 |a 26 s. 
700 1 |a Šterbák, Juraj  |4 aut 
998 |a BK 
090 |g SCKHL  |k Sklad Pribinova 2. posch.  |a II.317382  |j 779151  |i B79454  |s Absenčne 
090 |g SCKHL  |k Sklad Pribinova 2. posch.  |a II.343765  |j 834169  |i B50048  |s Absenčne 
090 |g SCKHL  |k Sklad Pribinova 2. posch.  |a II.343766  |j 834170  |i B50049  |s Absenčne